| 000 | 00451nam a2200181Ia 4500 | ||
|---|---|---|---|
| 001 | 23078 | ||
| 005 | 20260414150913.0 | ||
| 008 | 260414t2007||||xx |||||||||||||| ||spa|| | ||
| 041 | _aESP | ||
| 082 |
_a624.1834 _bI59 |
||
| 110 | _aInstituto Mexicano del Cemento y del Concreto | ||
| 245 | 0 |
_aPisos industriales de Concreto _b |
|
| 260 | _c2007 | ||
| 300 |
_a149 páginas : _c28 cm. |
||
| 650 | _a0 | ||
| 654 | _aCIC | ||
| 942 |
_cLIB _dJUS _fJUS _2ddc _n |
||
| 999 |
_c23078 _d23078 |
||